[Event "French Blitz Championship"]
[Site "portmarly2022.ffechecs.org"]
[Date "2022.05.28"]
[Round "5"]
[White "Shchekachev, Andrei"]
[Black "Boyer, Mahel"]
[Result "0-1"]
[Board "4"]
[WhiteElo "2500"]
[WhiteTitle "GM"]
[WhiteCountry "FRA"]
[WhiteFideId "4107730"]
[WhiteEloChange "-7"]
[BlackElo "2328"]
[BlackTitle "IM"]
[BlackCountry "FRA"]
[BlackFideId "45102422"]
[BlackEloChange "15"]

1. Nf3 {[%clk 0:05:03]} d5 {[%clk 0:05:05]} 2. e3 {[%clk 0:05:04]} Nf6 {[%clk
0:05:03]} 3. c4 {[%clk 0:05:06]} e6 {[%clk 0:05:04]} 4. Nc3 {[%clk 0:05:07]} Bd6
{[%clk 0:05:02]} 5. b3 {[%clk 0:05:05]} O-O {[%clk 0:04:58]} 6. Bb2 {[%clk
0:04:59]} Re8 {[%clk 0:04:40]} 7. g3 {[%clk 0:04:33]} dxc4 {[%clk 0:04:27]} 8.
bxc4 {[%clk 0:04:34]} e5 {[%clk 0:04:28]} 9. d3 {[%clk 0:03:56]} Na6 {[%clk
0:04:03]} 10. Bg2 {[%clk 0:03:45]} Nc5 {[%clk 0:03:29]} 11. d4 {[%clk 0:03:41]}
exd4 {[%clk 0:03:23]} 12. Nxd4 {[%clk 0:03:43]} Bg4 {[%clk 0:03:14]} 13. Nce2
{[%clk 0:03:09]} Qe7 {[%clk 0:01:55]} 14. h3 {[%clk 0:02:50]} Bd7 {[%clk
0:01:57]} 15. O-O {[%clk 0:02:41]} Rad8 {[%clk 0:01:53]} 16. Qc2 {[%clk 0:02:40]}
Nfe4 {[%clk 0:01:40]} 17. Rae1 {[%clk 0:01:58]} c6 {[%clk 0:01:36]} 18. Nc3
{[%clk 0:01:44]} h5 {[%clk 0:01:37]} 19. Nxe4 {[%clk 0:01:39]} Nxe4 {[%clk
0:01:39]} 20. Qd1 {[%clk 0:01:34]} h4 {[%clk 0:01:24]} 21. g4 {[%clk 0:01:27]}
Bb4 {[%clk 0:01:26]} 22. Qc2 {[%clk 0:00:50]} c5 {[%clk 0:01:05]} 23. Nf3 {[%clk
0:00:39]} Bxe1 {[%clk 0:01:05]} 24. Rxe1 {[%clk 0:00:42]} f6 {[%clk 0:00:57]} 25.
Nxh4 {[%clk 0:00:41]} Bc6 {[%clk 0:00:59]} 26. Nf5 {[%clk 0:00:11]} Qe6 {[%clk
0:01:01]} 27. f3 {[%clk 0:00:13]} Nd2 {[%clk 0:00:51]} 28. e4 {[%clk 0:00:09]}
Qxc4 {[%clk 0:00:50]} 29. Qc1 {[%clk 0:00:07]} Qxc1 {[%clk 0:00:32]} 30. Rxc1
{[%clk 0:00:09]} b6 {[%clk 0:00:33]} 31. Ne3 {[%clk 0:00:09]} Nxe4 {[%clk
0:00:17]} 32. fxe4 {[%clk 0:00:11]} Bxe4 {[%clk 0:00:17]} 33. Bf1 {[%clk
0:00:09]} Bd3 {[%clk 0:00:20]} 34. Nf5 {[%clk 0:00:07]} Bxf1 {[%clk 0:00:20]} 35.
Rxf1 {[%clk 0:00:09]} Rd2 {[%clk 0:00:19]} 36. Bc3 {[%clk 0:00:09]} 0-1

[Event "French Blitz Championship"]
[Site "portmarly2022.ffechecs.org"]
[Date "2022.05.28"]
[Round "5"]
[White "Sochacki, Christophe"]
[Black "Kambrath, Yannick"]
[Result "1-0"]
[Board "5"]
[WhiteElo "2480"]
[WhiteTitle "GM"]
[WhiteCountry "FRA"]
[WhiteFideId "662569"]
[WhiteEloChange "2"]
[BlackElo "2262"]
[BlackTitle "IM"]
[BlackCountry "FRA"]
[BlackFideId "20632525"]
[BlackEloChange "-4"]

1. b3 {[%clk 0:05:02]} e5 {[%clk 0:05:02]} 2. Bb2 {[%clk 0:05:04]} Nc6 {[%clk
0:05:04]} 3. e3 {[%clk 0:05:06]} g6 {[%clk 0:05:05]} 4. Bb5 {[%clk 0:04:58]} Nge7
{[%clk 0:05:05]} 5. Nf3 {[%clk 0:04:56]} Bg7 {[%clk 0:05:06]} 6. d4 {[%clk
0:04:55]} exd4 {[%clk 0:04:43]} 7. Nxd4 {[%clk 0:04:47]} O-O {[%clk 0:04:17]} 8.
O-O {[%clk 0:04:39]} Nxd4 {[%clk 0:04:03]} 9. Bxd4 {[%clk 0:04:39]} c6 {[%clk
0:04:00]} 10. Bxg7 {[%clk 0:04:17]} Kxg7 {[%clk 0:04:02]} 11. Qd4+ {[%clk
0:04:18]} Kg8 {[%clk 0:03:58]} 12. Bd3 {[%clk 0:04:19]} d5 {[%clk 0:03:43]} 13.
Nd2 {[%clk 0:03:47]} Nf5 {[%clk 0:03:11]} 14. Qb2 {[%clk 0:03:23]} Nd6 {[%clk
0:02:46]} 15. Rad1 {[%clk 0:03:23]} Bg4 {[%clk 0:02:06]} 16. f3 {[%clk 0:03:22]}
Be6 {[%clk 0:01:57]} 17. e4 {[%clk 0:02:55]} dxe4 {[%clk 0:01:52]} 18. fxe4
{[%clk 0:02:56]} Qg5 {[%clk 0:01:41]} 19. e5 {[%clk 0:02:46]} Nf5 {[%clk
0:01:21]} 20. Ne4 {[%clk 0:02:47]} Qe3+ {[%clk 0:00:57]} 21. Kh1 {[%clk 0:02:49]}
Kh8 {[%clk 0:00:36]} 22. Rf3 {[%clk 0:02:21]} Qd4 {[%clk 0:00:32]} 23. Qxd4
{[%clk 0:02:22]} Nxd4 {[%clk 0:00:34]} 24. Rf2 {[%clk 0:02:24]} Bg4 {[%clk
0:00:16]} 25. Rdf1 {[%clk 0:02:24]} Bf5 {[%clk 0:00:17]} 26. Nd6 {[%clk 0:02:22]}
f6 {[%clk 0:00:06]} 27. Bxf5 {[%clk 0:01:17]} gxf5 {[%clk 0:00:08]} 28. c3 {[%clk
0:01:19]} Ne6 {[%clk 0:00:10]} 29. exf6 {[%clk 0:01:15]} Rxf6 {[%clk 0:00:04]}
30. Rxf5 {[%clk 0:01:16]} Rxf5 {[%clk 0:00:06]} 31. Rxf5 {[%clk 0:01:17]} b6
{[%clk 0:00:05]} 32. h3 {[%clk 0:01:17]} Kg8 {[%clk 0:00:06]} 33. Rf6 {[%clk
0:01:13]} Nc5 {[%clk 0:00:07]} 34. Nf5 {[%clk 0:01:13]} Ne4 {[%clk 0:00:08]} 35.
Rxc6 {[%clk 0:01:14]} Rf8 {[%clk 0:00:06]} 36. g4 {[%clk 0:01:14]} Rd8 {[%clk
0:00:07]} 37. Kg2 {[%clk 0:01:06]} Rd2+ {[%clk 0:00:07]} 38. Kf3 {[%clk 0:01:08]}
Ng5+ 39. Ke3 {[%clk 0:01:03]} Rxa2 40. Rc7 {[%clk 0:00:49]} Nxh3 {[%clk 0:00:05]}
41. g5 {[%clk 0:00:50]} Nf2 {[%clk 0:00:05]} 1-0

[Event "French Blitz Championship"]
[Site "portmarly2022.ffechecs.org"]
[Date "2022.05.28"]
[Round "5"]
[White "Riff, Vincent"]
[Black "Iglesias, Yosha"]
[Result "1-0"]
[Board "6"]
[WhiteElo "2377"]
[WhiteTitle "FM"]
[WhiteCountry "FRA"]
[WhiteFideId "617776"]
[WhiteEloChange "6"]
[BlackElo "2248"]
[BlackTitle "FM"]
[BlackCountry "FRA"]
[BlackFideId "637823"]
[BlackEloChange "-6"]

1. e4 {[%clk 0:05:05]} c5 {[%clk 0:05:04]} 2. Nc3 {[%clk 0:05:06]} g6 {[%clk
0:05:04]} 3. Nf3 {[%clk 0:05:08]} Bg7 {[%clk 0:04:38]} 4. Bc4 {[%clk 0:05:10]}
Nc6 {[%clk 0:04:04]} 5. O-O {[%clk 0:05:11]} e5 {[%clk 0:03:53]} 6. d3 {[%clk
0:05:07]} d6 {[%clk 0:03:38]} 7. Ng5 {[%clk 0:05:02]} Nh6 {[%clk 0:03:33]} 8. f4
{[%clk 0:05:03]} f6 {[%clk 0:03:24]} 9. Ne6 {[%clk 0:04:54]} Bxe6 {[%clk
0:03:17]} 10. Bxe6 {[%clk 0:04:55]} Nf7 {[%clk 0:02:48]} 11. Bxf7+ {[%clk
0:04:45]} Kxf7 {[%clk 0:02:48]} 12. f5 {[%clk 0:04:46]} Ne7 {[%clk 0:02:42]} 13.
Ne2 {[%clk 0:04:29]} gxf5 {[%clk 0:02:35]} 14. exf5 {[%clk 0:04:29]} h5 {[%clk
0:02:30]} 15. c4 {[%clk 0:04:04]} Qd7 {[%clk 0:02:02]} 16. Ng3 {[%clk 0:03:45]}
h4 {[%clk 0:02:29]} 17. Ne4 {[%clk 0:03:32]} Rag8 {[%clk 0:02:15]} 18. Qf3 {[%clk
0:03:03]} b6 {[%clk 0:02:09]} 19. Be3 {[%clk 0:03:10]} Bh6 {[%clk 0:01:56]} 20.
Qh5+ {[%clk 0:02:41]} Kg7 {[%clk 0:01:58]} 21. Bxh6+ {[%clk 0:01:54]} Rxh6 {[%clk
0:01:58]} 22. Qf3 {[%clk 0:01:56]} Kh8 {[%clk 0:01:44]} 23. Kh1 {[%clk 0:01:47]}
d5 {[%clk 0:01:41]} 24. Nc3 {[%clk 0:01:39]} Rg5 {[%clk 0:01:20]} 25. cxd5 {[%clk
0:01:33]} Nxf5 {[%clk 0:01:11]} 26. Ne4 {[%clk 0:01:18]} Nd4 {[%clk 0:01:05]} 27.
Qe3 {[%clk 0:01:11]} Rgg6 {[%clk 0:00:32]} 28. Rf2 {[%clk 0:01:13]} h3 {[%clk
0:00:24]} 29. Rg1 {[%clk 0:00:58]} Qxd5 {[%clk 0:00:18]} 30. gxh3 {[%clk
0:00:59]} f5 {[%clk 0:00:17]} 31. Rfg2 {[%clk 0:00:53]} Qc6 {[%clk 0:00:14]} 32.
Qxh6+ {[%clk 0:00:48]} 1-0

[Event "French Blitz Championship"]
[Site "portmarly2022.ffechecs.org"]
[Date "2022.05.28"]
[Round "6"]
[White "Lagarde, Maxime"]
[Black "Riff, Vincent"]
[Result "1-0"]
[Board "1"]
[WhiteElo "2622"]
[WhiteTitle "GM"]
[WhiteCountry "FRA"]
[WhiteFideId "662399"]
[WhiteEloChange "2"]
[BlackElo "2377"]
[BlackTitle "FM"]
[BlackCountry "FRA"]
[BlackFideId "617776"]
[BlackEloChange "-4"]

1. e4 {[%clk 0:05:05]} c5 {[%clk 0:05:05]} 2. Nc3 {[%clk 0:05:07]} Nc6 {[%clk
0:05:07]} 3. Bb5 {[%clk 0:05:09]} Nd4 {[%clk 0:05:04]} 4. Nf3 {[%clk 0:05:11]} g6
{[%clk 0:05:06]} 5. Ba4 {[%clk 0:05:11]} Bg7 {[%clk 0:05:06]} 6. O-O {[%clk
0:05:09]} Qa5 {[%clk 0:05:05]} 7. Bb3 {[%clk 0:04:57]} Nxb3 {[%clk 0:05:00]} 8.
cxb3 {[%clk 0:04:58]} d6 {[%clk 0:04:57]} 9. d4 {[%clk 0:05:00]} cxd4 {[%clk
0:04:51]} 10. Nxd4 {[%clk 0:05:02]} Nf6 {[%clk 0:04:47]} 11. f3 {[%clk 0:05:02]}
O-O {[%clk 0:04:42]} 12. Be3 {[%clk 0:05:04]} a6 {[%clk 0:04:34]} 13. Qd2 {[%clk
0:05:04]} Qd8 {[%clk 0:04:00]} 14. Rfd1 {[%clk 0:04:58]} Bd7 {[%clk 0:03:48]} 15.
b4 {[%clk 0:04:49]} Rc8 {[%clk 0:03:49]} 16. Rac1 {[%clk 0:04:24]} h5 {[%clk
0:03:25]} 17. Qf2 {[%clk 0:04:23]} Rc4 {[%clk 0:03:04]} 18. a3 {[%clk 0:04:25]}
Qc8 {[%clk 0:03:02]} 19. Nb3 {[%clk 0:04:18]} Be6 {[%clk 0:02:54]} 20. Na5 {[%clk
0:04:20]} Rc7 {[%clk 0:02:39]} 21. Bb6 {[%clk 0:04:22]} Rd7 {[%clk 0:02:33]} 22.
Nd5 {[%clk 0:04:09]} Qb8 {[%clk 0:02:29]} 23. Bc7 {[%clk 0:03:59]} Qe8 {[%clk
0:02:18]} 24. Nb6 {[%clk 0:03:57]} Bh6 {[%clk 0:02:10]} 25. Nxd7 {[%clk 0:03:42]}
Qxd7 {[%clk 0:02:12]} 26. Rc3 {[%clk 0:03:43]} Qa4 {[%clk 0:01:45]} 27. Re1
{[%clk 0:03:22]} d5 {[%clk 0:01:41]} 28. Nxb7 {[%clk 0:03:13]} dxe4 {[%clk
0:01:38]} 29. Nc5 {[%clk 0:03:12]} Qb5 {[%clk 0:01:37]} 30. Nxe4 {[%clk 0:02:44]}
Nxe4 {[%clk 0:01:07]} 31. Rxe4 {[%clk 0:02:44]} Qd5 {[%clk 0:00:57]} 32. Qe2
{[%clk 0:02:38]} Qa2 {[%clk 0:00:54]} 33. h4 {[%clk 0:02:35]} Bg7 {[%clk
0:00:50]} 34. Be5 {[%clk 0:02:35]} Bh6 {[%clk 0:00:46]} 35. Rc7 {[%clk 0:02:32]}
Bd5 {[%clk 0:00:41]} 36. Rd4 {[%clk 0:02:25]} e6 {[%clk 0:00:44]} 37. Rd1 {[%clk
0:02:16]} Qb3 {[%clk 0:00:42]} 38. Re1 {[%clk 0:01:53]} Rd8 {[%clk 0:00:43]} 39.
Bf6 {[%clk 0:01:48]} Re8 {[%clk 0:00:45]} 40. Qc2 {[%clk 0:01:35]} Qa2 {[%clk
0:00:40]} 41. Rc8 {[%clk 0:01:35]} 1-0

[Event "French Blitz Championship"]
[Site "portmarly2022.ffechecs.org"]
[Date "2022.05.28"]
[Round "6"]
[White "Brunner, Nicolas"]
[Black "Bellahcene, Bilel"]
[Result "1/2-1/2"]
[Board "2"]
[WhiteElo "2372"]
[WhiteTitle "IM"]
[WhiteCountry "FRA"]
[WhiteFideId "620246"]
[WhiteEloChange "5"]
[BlackElo "2562"]
[BlackTitle "GM"]
[BlackCountry "ALG"]
[BlackFideId "696358"]
[BlackEloChange "-2"]

1. d4 {[%clk 0:05:04]} e6 {[%clk 0:05:05]} 2. Nf3 {[%clk 0:05:05]} Nf6 {[%clk
0:05:04]} 3. c4 {[%clk 0:05:04]} Bb4+ {[%clk 0:05:06]} 4. Bd2 {[%clk 0:05:06]}
Qe7 {[%clk 0:05:07]} 5. g3 {[%clk 0:05:08]} O-O {[%clk 0:05:09]} 6. Bg2 {[%clk
0:05:10]} Bxd2+ {[%clk 0:05:09]} 7. Qxd2 {[%clk 0:05:11]} d5 {[%clk 0:04:54]} 8.
b3 {[%clk 0:05:06]} Ne4 {[%clk 0:04:55]} 9. Qc2 {[%clk 0:04:59]} a5 {[%clk
0:02:51]} 10. a3 {[%clk 0:04:30]} b6 {[%clk 0:02:41]} 11. O-O {[%clk 0:04:29]}
Bb7 {[%clk 0:02:44]} 12. Nc3 {[%clk 0:04:15]} Nd7 {[%clk 0:02:39]} 13. Rfc1
{[%clk 0:03:54]} Rac8 {[%clk 0:02:40]} 14. cxd5 {[%clk 0:03:26]} exd5 {[%clk
0:02:18]} 15. Qb2 {[%clk 0:03:27]} Nef6 {[%clk 0:01:35]} 16. b4 {[%clk 0:03:20]}
Ra8 {[%clk 0:01:30]} 17. e3 {[%clk 0:03:19]} c6 {[%clk 0:01:16]} 18. Ne1 {[%clk
0:03:15]} axb4 {[%clk 0:01:06]} 19. axb4 {[%clk 0:03:17]} b5 {[%clk 0:01:08]} 20.
Nd3 {[%clk 0:03:10]} Nb6 {[%clk 0:01:10]} 21. Nc5 {[%clk 0:02:50]} Nc4 {[%clk
0:01:12]} 22. Qc2 {[%clk 0:02:18]} Nd6 {[%clk 0:01:07]} 23. Ne2 {[%clk 0:01:49]}
Nc4 {[%clk 0:01:10]} 24. Nf4 {[%clk 0:01:43]} g6 {[%clk 0:00:56]} 25. Nfd3 {[%clk
0:01:26]} Rfb8 {[%clk 0:00:52]} 26. Qc3 {[%clk 0:00:59]} Bc8 {[%clk 0:00:47]} 27.
Rxa8 {[%clk 0:00:57]} Rxa8 {[%clk 0:00:50]} 28. Ra1 {[%clk 0:00:59]} Ra7 {[%clk
0:00:45]} 29. Ne5 {[%clk 0:00:48]} Rc7 {[%clk 0:00:33]} 30. Ra8 {[%clk 0:00:48]}
Kg7 {[%clk 0:00:36]} 31. Qa1 {[%clk 0:00:35]} Bf5 {[%clk 0:00:33]} 32. Ra6 {[%clk
0:00:28]} Qe8 {[%clk 0:00:23]} 33. Ra8 {[%clk 0:00:29]} Qe7 {[%clk 0:00:25]} 34.
Ra6 {[%clk 0:00:29]} Qe8 {[%clk 0:00:28]} 35. Ra8 {[%clk 0:00:28]} 1/2-1/2

[Event "French Blitz Championship"]
[Site "portmarly2022.ffechecs.org"]
[Date "2022.05.28"]
[Round "6"]
[White "David, Alberto"]
[Black "Vlachos, Anatole"]
[Result "0-1"]
[Board "3"]
[WhiteElo "2548"]
[WhiteTitle "GM"]
[WhiteCountry "ITA"]
[WhiteFideId "4000013"]
[WhiteEloChange "-7"]
[BlackElo "2361"]
[BlackTitle "IM"]
[BlackCountry "GRE"]
[BlackFideId "26093189"]
[BlackEloChange "15"]

1. e4 {[%clk 0:05:05]} e5 {[%clk 0:05:05]} 2. Nf3 {[%clk 0:05:07]} Nc6 {[%clk
0:05:07]} 3. Bb5 {[%clk 0:05:09]} a6 {[%clk 0:05:10]} 4. Ba4 {[%clk 0:05:11]} Nf6
{[%clk 0:05:11]} 5. d3 {[%clk 0:05:12]} d6 {[%clk 0:05:12]} 6. c3 {[%clk
0:05:14]} g6 {[%clk 0:05:12]} 7. O-O {[%clk 0:05:15]} Bg7 {[%clk 0:05:14]} 8. h3
{[%clk 0:05:14]} O-O {[%clk 0:05:14]} 9. Be3 {[%clk 0:05:15]} Bd7 {[%clk
0:05:07]} 10. Nbd2 {[%clk 0:05:15]} Qe8 {[%clk 0:04:28]} 11. Bb3 {[%clk 0:05:02]}
Kh8 {[%clk 0:04:28]} 12. Re1 {[%clk 0:05:00]} Nh5 {[%clk 0:04:17]} 13. d4 {[%clk
0:05:02]} f5 {[%clk 0:04:15]} 14. exf5 {[%clk 0:04:58]} gxf5 {[%clk 0:04:16]} 15.
dxe5 {[%clk 0:04:59]} dxe5 {[%clk 0:04:17]} 16. Bc5 {[%clk 0:04:24]} Rf6 {[%clk
0:04:11]} 17. Nxe5 {[%clk 0:04:24]} Nxe5 {[%clk 0:04:12]} 18. Nc4 {[%clk
0:04:26]} Re6 {[%clk 0:03:31]} 19. Ne3 {[%clk 0:03:59]} Rg6 {[%clk 0:02:28]} 20.
Nd5 {[%clk 0:04:01]} Bc6 {[%clk 0:02:06]} 21. Bd4 {[%clk 0:04:03]} Rd8 {[%clk
0:01:53]} 22. Kh1 {[%clk 0:02:20]} Bxd5 {[%clk 0:01:42]} 23. Bxd5 {[%clk
0:02:22]} Rxd5 {[%clk 0:01:43]} 24. Qxh5 {[%clk 0:02:23]} Qf7 {[%clk 0:01:34]}
25. Rad1 {[%clk 0:02:20]} Nc6 {[%clk 0:01:16]} 26. Be3 {[%clk 0:01:17]} Rxd1
{[%clk 0:00:51]} 27. Rxd1 {[%clk 0:01:19]} f4 {[%clk 0:00:51]} 28. Bc5 {[%clk
0:01:12]} Kg8 {[%clk 0:00:44]} 29. Qf3 {[%clk 0:01:09]} h6 {[%clk 0:00:38]} 30.
a4 {[%clk 0:01:03]} Re6 {[%clk 0:00:36]} 31. b4 {[%clk 0:01:04]} b6 {[%clk
0:00:36]} 32. Bd6 {[%clk 0:01:04]} cxd6 {[%clk 0:00:16]} 33. Qxc6 {[%clk
0:00:52]} f3 {[%clk 0:00:18]} 34. Qxb6 {[%clk 0:00:32]} fxg2+ {[%clk 0:00:17]}
35. Kg1 {[%clk 0:00:34]} Qf3 {[%clk 0:00:14]} 36. Qxa6 {[%clk 0:00:27]} Qxd1+
{[%clk 0:00:15]} 0-1

[Event "French Blitz Championship"]
[Site "portmarly2022.ffechecs.org"]
[Date "2022.05.28"]
[Round "6"]
[White "Boyer, Mahel"]
[Black "Sochacki, Christophe"]
[Result "0-1"]
[Board "4"]
[WhiteElo "2328"]
[WhiteTitle "IM"]
[WhiteCountry "FRA"]
[WhiteFideId "45102422"]
[WhiteEloChange "-6"]
[BlackElo "2480"]
[BlackTitle "GM"]
[BlackCountry "FRA"]
[BlackFideId "662569"]
[BlackEloChange "3"]

1. d4 {[%clk 0:05:04]} Nc6 {[%clk 0:05:04]} 2. Nf3 {[%clk 0:04:56]} d6 {[%clk
0:05:05]} 3. d5 {[%clk 0:04:51]} Ne5 {[%clk 0:05:07]} 4. Nxe5 {[%clk 0:04:51]}
dxe5 {[%clk 0:05:08]} 5. e4 {[%clk 0:04:52]} Nf6 {[%clk 0:05:10]} 6. Bb5+ {[%clk
0:04:45]} Bd7 {[%clk 0:05:09]} 7. Qe2 {[%clk 0:04:46]} a6 {[%clk 0:04:09]} 8.
Bxd7+ {[%clk 0:04:32]} Qxd7 {[%clk 0:04:11]} 9. O-O {[%clk 0:04:33]} e6 {[%clk
0:04:13]} 10. c4 {[%clk 0:04:33]} c6 {[%clk 0:03:45]} 11. Nc3 {[%clk 0:04:16]}
cxd5 {[%clk 0:03:46]} 12. exd5 {[%clk 0:04:18]} Bd6 {[%clk 0:03:45]} 13. Bg5
{[%clk 0:04:15]} O-O {[%clk 0:03:21]} 14. Rad1 {[%clk 0:04:14]} exd5 {[%clk
0:02:41]} 15. Bxf6 {[%clk 0:04:12]} gxf6 {[%clk 0:02:43]} 16. Nxd5 {[%clk
0:04:12]} Qe6 {[%clk 0:02:44]} 17. Rd3 {[%clk 0:02:59]} f5 {[%clk 0:02:36]} 18.
Rfd1 {[%clk 0:02:55]} e4 {[%clk 0:02:22]} 19. Nf6+ {[%clk 0:01:57]} Qxf6 {[%clk
0:02:24]} 20. Rxd6 {[%clk 0:01:59]} Qg5 {[%clk 0:02:26]} 21. Qe3 {[%clk 0:01:17]}
Qxe3 {[%clk 0:01:48]} 22. fxe3 {[%clk 0:01:19]} Rfc8 {[%clk 0:01:50]} 23. R1d4
{[%clk 0:00:30]} b5 {[%clk 0:01:51]} 24. b3 {[%clk 0:00:26]} bxc4 {[%clk
0:01:47]} 25. bxc4 {[%clk 0:00:13]} Rc5 {[%clk 0:01:37]} 26. Kf2 {[%clk 0:00:13]}
Rac8 {[%clk 0:01:17]} 27. Rd8+ {[%clk 0:00:09]} Rxd8 {[%clk 0:01:18]} 28. Rxd8+
{[%clk 0:00:11]} Kg7 {[%clk 0:01:21]} 29. Rd4 {[%clk 0:00:11]} Ra5 {[%clk
0:01:21]} 30. Rd2 {[%clk 0:00:15]} Kf6 {[%clk 0:01:22]} 31. Rc2 {[%clk 0:00:09]}
Rc5 {[%clk 0:00:42]} 32. Ke2 {[%clk 0:00:11]} Ke5 {[%clk 0:00:41]} 33. g3 {[%clk
0:00:13]} Kd6 {[%clk 0:00:42]} 34. Kd2 {[%clk 0:00:15]} Ra5 {[%clk 0:00:44]} 35.
Kc1 {[%clk 0:00:05]} Ra3 {[%clk 0:00:45]} 36. c5+ {[%clk 0:00:06]} Kc6 {[%clk
0:00:47]} 37. Rf2 {[%clk 0:00:08]} Rxe3 {[%clk 0:00:45]} 38. Rxf5 {[%clk
0:00:10]} Rf3 {[%clk 0:00:42]} 39. Rh5 {[%clk 0:00:08]} e3 {[%clk 0:00:30]} 40.
Kd1 {[%clk 0:00:10]} Rf2 {[%clk 0:00:33]} 41. a4 {[%clk 0:00:10]} f5 {[%clk
0:00:30]} 42. Rxh7 {[%clk 0:00:09]} Kxc5 {[%clk 0:00:32]} 43. Rd7 {[%clk
0:00:07]} Rxh2 {[%clk 0:00:30]} 44. Re7 {[%clk 0:00:06]} Kd4 {[%clk 0:00:30]} 45.
Re6 {[%clk 0:00:07]} a5 {[%clk 0:00:31]} 46. Ke1 {[%clk 0:00:09]} Rg2 {[%clk
0:00:30]} 47. Rg6 {[%clk 0:00:09]} Ra2 {[%clk 0:00:31]} 48. Rf6 {[%clk 0:00:09]}
Ke4 {[%clk 0:00:33]} 49. Rf7 {[%clk 0:00:04]} Rxa4 {[%clk 0:00:30]} 50. Re7+
{[%clk 0:00:04]} Kf3 {[%clk 0:00:30]} 51. Kd1 {[%clk 0:00:07]} e2+ {[%clk
0:00:26]} 52. Kd2 {[%clk 0:00:09]} Rd4+ {[%clk 0:00:24]} 0-1

[Event "French Blitz Championship"]
[Site "portmarly2022.ffechecs.org"]
[Date "2022.05.28"]
[Round "6"]
[White "Navrotescu, Andreea"]
[Black "Guliyev, Namig"]
[Result "0-1"]
[Board "5"]
[WhiteElo "2224"]
[WhiteTitle "WIM"]
[WhiteCountry "FRA"]
[WhiteFideId "675946"]
[WhiteEloChange "-4"]
[BlackElo "2487"]
[BlackTitle "GM"]
[BlackCountry "AZE"]
[BlackFideId "13400363"]
[BlackEloChange "2"]

1. c4 {[%clk 0:05:04]} e6 {[%clk 0:05:03]} 2. Nc3 {[%clk 0:05:04]} d5 {[%clk
0:05:05]} 3. d4 {[%clk 0:05:06]} c6 {[%clk 0:05:03]} 4. Nf3 {[%clk 0:04:57]} dxc4
{[%clk 0:05:02]} 5. g3 {[%clk 0:04:58]} b5 {[%clk 0:05:00]} 6. Bg2 {[%clk
0:04:59]} Bb7 {[%clk 0:05:00]} 7. O-O {[%clk 0:04:56]} Nd7 {[%clk 0:05:01]} 8. e4
{[%clk 0:04:57]} Ngf6 {[%clk 0:05:02]} 9. e5 {[%clk 0:04:57]} Nd5 {[%clk
0:04:57]} 10. Ng5 {[%clk 0:05:00]} Nxc3 {[%clk 0:04:44]} 11. bxc3 {[%clk
0:05:01]} Nb6 {[%clk 0:04:44]} 12. Qh5 {[%clk 0:04:25]} Qd7 {[%clk 0:04:40]} 13.
f4 {[%clk 0:04:15]} g6 {[%clk 0:04:35]} 14. Qe2 {[%clk 0:03:55]} Be7 {[%clk
0:04:29]} 15. Ne4 {[%clk 0:03:54]} Na4 {[%clk 0:04:30]} 16. Qc2 {[%clk 0:01:48]}
c5 {[%clk 0:04:09]} 17. Ba3 {[%clk 0:01:21]} Bxe4 {[%clk 0:03:49]} 18. Bxe4
{[%clk 0:01:15]} Rd8 {[%clk 0:03:39]} 19. Rad1 {[%clk 0:01:14]} O-O {[%clk
0:02:45]} 20. dxc5 {[%clk 0:01:10]} Qc7 {[%clk 0:02:39]} 21. Rd6 {[%clk 0:00:58]}
Rc8 {[%clk 0:02:22]} 22. Rfd1 {[%clk 0:00:55]} Nxc5 {[%clk 0:02:22]} 23. Rc6
{[%clk 0:00:55]} Qb8 {[%clk 0:02:23]} 24. Bf3 {[%clk 0:00:24]} Rxc6 {[%clk
0:02:23]} 25. Bxc6 {[%clk 0:00:26]} Qb6 {[%clk 0:02:24]} 26. Bg2 {[%clk 0:00:24]}
Nd3+ {[%clk 0:02:25]} 27. Kf1 {[%clk 0:00:26]} Bxa3 {[%clk 0:02:25]} 0-1

[Event "French Blitz Championship"]
[Site "portmarly2022.ffechecs.org"]
[Date "2022.05.28"]
[Round "6"]
[White "Viennot, Dylan"]
[Black "Dionisi, Thomas"]
[Result "0-1"]
[Board "6"]
[WhiteElo "2362"]
[WhiteTitle "FM"]
[WhiteCountry "FRA"]
[WhiteFideId "676098"]
[WhiteEloChange "-11"]
[BlackElo "2326"]
[BlackTitle "IM"]
[BlackCountry "FRA"]
[BlackFideId "651893"]
[BlackEloChange "11"]

1. e4 {[%clk 0:05:04]} c5 {[%clk 0:05:04]} 2. Nf3 {[%clk 0:05:06]} Nc6 {[%clk
0:05:06]} 3. Bb5 {[%clk 0:05:08]} e5 {[%clk 0:05:05]} 4. O-O {[%clk 0:05:00]} Bd6
{[%clk 0:04:54]} 5. a4 {[%clk 0:04:52]} Nge7 {[%clk 0:04:50]} 6. c3 {[%clk
0:04:17]} O-O {[%clk 0:04:49]} 7. d4 {[%clk 0:04:20]} cxd4 {[%clk 0:04:44]} 8.
cxd4 {[%clk 0:04:22]} exd4 {[%clk 0:04:45]} 9. Nxd4 {[%clk 0:03:57]} Nxd4 {[%clk
0:04:45]} 10. Qxd4 {[%clk 0:03:59]} Qc7 {[%clk 0:04:46]} 11. g3 {[%clk 0:03:34]}
Bc5 {[%clk 0:04:35]} 12. Qd3 {[%clk 0:03:31]} d5 {[%clk 0:04:32]} 13. Bf4 {[%clk
0:03:20]} Qb6 {[%clk 0:04:18]} 14. exd5 {[%clk 0:02:48]} Bh3 {[%clk 0:04:05]} 15.
Nc3 {[%clk 0:02:50]} Bxf1 {[%clk 0:03:53]} 16. Rxf1 {[%clk 0:02:52]} Ng6 {[%clk
0:03:50]} 17. Bc1 {[%clk 0:02:02]} a6 {[%clk 0:03:47]} 18. Bc4 {[%clk 0:02:04]}
Ne5 {[%clk 0:03:39]} 19. Qe2 {[%clk 0:02:06]} Rfe8 {[%clk 0:03:25]} 20. Ba2
{[%clk 0:02:04]} Qb4 {[%clk 0:02:57]} 21. Be3 {[%clk 0:01:42]} Bxe3 {[%clk
0:02:38]} 22. fxe3 {[%clk 0:01:44]} Qg4 {[%clk 0:02:17]} 23. Qf2 {[%clk 0:01:12]}
Kh8 {[%clk 0:02:18]} 24. e4 {[%clk 0:01:09]} Qg5 {[%clk 0:01:57]} 25. Qf4 {[%clk
0:00:51]} Qe7 {[%clk 0:01:31]} 26. Rd1 {[%clk 0:00:46]} Qd6 {[%clk 0:01:28]} 27.
Kg2 {[%clk 0:00:46]} Rac8 {[%clk 0:01:30]} 28. Rd2 {[%clk 0:00:38]} f6 {[%clk
0:00:56]} 29. h4 {[%clk 0:00:38]} Qd7 {[%clk 0:00:51]} 30. h5 {[%clk 0:00:30]} h6
{[%clk 0:00:47]} 31. Re2 {[%clk 0:00:17]} Qg4 {[%clk 0:00:40]} 32. Qxg4 {[%clk
0:00:17]} Nxg4 {[%clk 0:00:42]} 33. Kf3 {[%clk 0:00:17]} Ne5+ {[%clk 0:00:43]}
34. Kf4 {[%clk 0:00:19]} Nd3+ {[%clk 0:00:30]} 35. Ke3 {[%clk 0:00:10]} Nc1
{[%clk 0:00:08]} 36. Rf2 {[%clk 0:00:06]} Nxa2 {[%clk 0:00:07]} 37. Nxa2 {[%clk
0:00:08]} Kg8 {[%clk 0:00:07]} 38. Nc3 {[%clk 0:00:10]} Kf7 {[%clk 0:00:09]} 39.
Kd4 {[%clk 0:00:13]} Re5 {[%clk 0:00:08]} 40. Ne2 {[%clk 0:00:12]} Rxh5 {[%clk
0:00:08]} 41. Nf4 {[%clk 0:00:14]} Rh1 {[%clk 0:00:07]} 42. e5 {[%clk 0:00:08]}
Rd1+ {[%clk 0:00:07]} 43. Nd3 {[%clk 0:00:10]} Ke7 {[%clk 0:00:05]} 44. exf6+
{[%clk 0:00:09]} gxf6 {[%clk 0:00:08]} 45. Re2+ {[%clk 0:00:11]} Kd7 {[%clk
0:00:09]} 46. Rh2 {[%clk 0:00:11]} Rg8 {[%clk 0:00:08]} 47. Rh3 {[%clk 0:00:09]}
Rg4+ {[%clk 0:00:08]} 48. Kc3 {[%clk 0:00:11]} b6 {[%clk 0:00:07]} 49. Kc2 {[%clk
0:00:11]} Rg1 {[%clk 0:00:08]} 50. Rxh6 {[%clk 0:00:13]} Rg2+ {[%clk 0:00:09]}
51. Kc3 {[%clk 0:00:09]} R2xg3 {[%clk 0:00:11]} 52. Rxf6 {[%clk 0:00:09]} Rxa4
{[%clk 0:00:09]} 53. Rxb6 {[%clk 0:00:11]} Ra5 {[%clk 0:00:07]} 54. Kc4 {[%clk
0:00:04]} Rg4+ {[%clk 0:00:07]} 55. Kc3 {[%clk 0:00:06]} Rxd5 {[%clk 0:00:07]}
0-1